Statistics for Jekyll and Hyde Musical - Lost in the Darkness - Missing Lyrics

Click here to take the quiz!

General Stats

  • This quiz has been taken 12 times
  • The average score is 13 of 16

Answer Stats

Line: Dr Jekyll% Correct
Back into the {light}
100%
I {promise} you this
100%
I will find the {answer}
100%
Lost in the {darkness}
100%
Now endless {night}
100%
{Silence} surrounds you
100%
Till the day that I {die}
100%
I'll never {desert} you
86%
Please try to {hear} me
86%
To walk from the {darkness}
86%
I'll keep you {near} me
71%
Till night {passes} by
71%
{Deep} in your silence
57%
I'd guide you and {teach} you
57%
If I could {reach} you
57%
Once there was {morning}
57%

Score Distribution

Percentile by Number Answered

Percent of People with Each Score

Your Score History

You have not taken this quiz